000 00577nam a2200193 a 4500
001 000022812
005 20240406073830.0
008 101118s1997 pr 000 0 spa d
020 _a0936708301
082 _a320.97294
_bP622h
100 1 _aPierre-Charles, Gérard.
_941080
245 1 0 _aHaití pese a todo, la utopía /
_cGérard Pierre-Charles.
260 _aPuerto Rico :
_bInstituto de Estudios del Caribe,
_c1997.
300 _a174 p. ;
_c21 cm.
651 4 _aHaití
_xPolítica Y Gobierno
_912667
650 0 _aDemocracia
_9286
049 _aBNGR
999 _c22309
_d22309
040 _aDO-SdBNP